Acta aerarii publici vedecký časopis Ekonomickej fakulty Univerzity Mateja Bela v Banskej Bystrici

Saved in:
Bibliographic Details
Format: Serial
Language:Slovak
Published: Banská Bystrica Ekonomická fakulta Univerzity Mateja Bela 2013
Subjects:
Tags: Add Tag
No Tags, Be the first to tag this record!

MARC

LEADER 00000nas2a2200000 4500
001 0238948
005 20180118140709.8
022 |a 1336-8818 
041 0 |a slo 
044 |a SK 
245 1 0 |a Acta aerarii publici  |b vedecký časopis Ekonomickej fakulty Univerzity Mateja Bela v Banskej Bystrici 
264 1 |a Banská Bystrica  |b Ekonomická fakulta Univerzity Mateja Bela  |c 2013 
773 0 |w eu_un_cat*0059483 
610 2 0 |a teória finančná 
610 2 0 |a financie verejné 
610 2 0 |a bankovníctvo 
610 2 0 |a účtovníctvo 
610 2 0 |a manažment finančný